JetPunk will be down very briefly at 3:00PM EST (12:00PM PST, 8:00PM GST)

Statistics for Capital Cities Closer to Cyprus

Click here to take the quiz!

General Stats

  • This quiz has been taken 33 times
  • The average score is 14 of 20

Answer Stats

CitykmmiClosest Point in Cyprus% Correct
Athens830516Cape Akamas
100%
Ankara500311Cape Ap. Andreas
97%
Cairo520323Cape Zevgari
97%
Damascus260162Cape Greko
90%
Amman370230Cape Greko
86%
Beirut180112Cape Greko
83%
Sofia1140708Cape Akamas
83%
Baghdad930578Cape Ap. Andreas
83%
Bucharest1160721Cape Kormakitis
72%
Tirana1290820Cape Akamas
72%
Tel Aviv330205Cape Greko
69%
Skopje1210752Cape Akamas
66%
Podgorica1390864Cape Akamas
59%
Belgrade1470913Cape Akamas
59%
Yerevan1000621Cape Ap. Andreas
55%
Baku1430889Cape Ap. Andreas
52%
Chisinau1330826Cape Kormakitis
48%
Prishtina1270789Cape Akamas
45%
Kuwait City1450901Cape Greko
45%
Tbilishi1100684Cape Ap. Andreas
7%

Score Distribution

Percentile by Number Answered

Percent of People with Each Score

Your Score History

You have not taken this quiz